000 00702 a2200181 4500
003 Nust
005 20221012142352.0
020 _a065611047
040 _cNust
082 _a541.38,VIO
100 _aViola,Vic
_9100031
245 _aThe Heart of Matter ;
_bA nuclear chemistry module /
_cVic Viola
260 _aNew York
_bHarper
_c1976
300 _a112:P
505 _aBasic Properties of Matter (Page-14), The Makeup of our Solar System (Page-31), Nucleosynthesis and Stellar Evolution (Page-46), The Stages of Stellar Evolution (Page-51), Radioactive Decay (Page-69), The Man-Made Elements (Page-84), Mans Use of Radiation (Page-90).
650 _aThe Heart of Matter
_9100032
942 _2ddc
_cBK
999 _c183764
_d183764